[Event "BRA-ch 87th"]
[Site "Cuiaba"]
[Date "2021.11.03"]
[Round "10"]
[White "Silva, Lucas Henrique Da"]
[Black "Filgueiras, Nathan Felipe"]
[Result "0-1"]
[WhiteElo "2158"]
[BlackElo "2312"]
[PlyCount "64"]
[EventDate "2021.10.28"]
[EventType "swiss"]
[EventRounds "11"]
[EventCountry "BRA"]
[SourceTitle "CBM 205 Extra"]
[Source "ChessBase"]
[SourceDate "2022.01.31"]
[SourceVersion "1"]
[SourceVersionDate "2022.01.31"]
[SourceQuality "1"]

1. Nf3 Nf6 2. g3 b6 3. Bg2 Bb7 4. 0-0 g6 5. c4 Bg7 6. Nc3 0-0 7. Qc2 c5 8. d3 d5 9. cxd5 Nxd5 10. Nxd5 Qxd5 11. Be3 e5 12. Qa4 Qd7 13. Qh4 f6 14. Qc4+ Kh8 15. h4 Nc6 16. Rfe1 Rae8 17. Rac1 h6 18. Qa4 Rd8 19. a3 f5 20. Kh2 f4 21. Bd2 Qe7 22. b4 fxg3+ 23. fxg3 e4 24. dxe4 Ne5 25. Bf4 Ng4+ 26. Kg1 Qxe4 27. Qc2 Rxf4 28. gxf4 Bd4+ 29. e3 Bxe3+ 30. Kf1 Ba6+ 31. Re2 Qxc2 32. Rcxc2 Rd1+ 0-1

[Event "Parana-ch"]
[Site "Maringa"]
[Date "2019.12.12"]
[Round "1"]
[White "Silva, Lucas Henrique Da"]
[Black "Loss, Victor Pinheiro Cos"]
[Result "1-0"]
[WhiteElo "2186"]
[BlackElo "1468"]
[PlyCount "77"]
[EventDate "2019.12.12"]
[EventType "swiss"]
[EventRounds "7"]
[EventCountry "BRA"]
[SourceTitle "CBM 193 Extra"]
[Source "ChessBase"]
[SourceDate "2020.01.31"]
[SourceVersion "1"]
[SourceVersionDate "2020.01.31"]
[SourceQuality "1"]

1. d4 d5 2. c4 e6 3. Nc3 Nf6 4. Nf3 Be7 5. g3 0-0 6. Bg2 a6 7. cxd5 exd5 8. 0-0 c6 9. Qc2 Nbd7 10. Bf4 Re8 11. Rfd1 Nf8 12. Rab1 g6 13. Rbc1 Ne6 14. Bh6 Bf8 15. Bxf8 Nxf8 16. b4 Bf5 17. Qb2 Ne4 18. a4 Qe7 19. e3 a5 20. bxa5 Rxa5 21. Nh4 Bc8 22. Ra1 f5 23. Nf3 Nd7 24. Ne2 Nd6 25. Nf4 Nc4 26. Qb3 Nf6 27. Bf1 Qe4 28. Ng5 Qe7 29. Bxc4 dxc4 30. Qxc4+ Kg7 31. Nf3 Ne4 32. d5 g5 33. d6 Qd7 34. Qb4 Rc5 35. Nxg5 Rce5 36. Nf3 R5e6 37. Nxe6+ Qxe6 38. Qd4+ Kg8 39. d7 1-0

[Event "Sao Paulo op-A 3rd"]
[Site "Sao Paulo"]
[Date "2015.09.19"]
[Round "3"]
[White "Silva, Lucas Henrique Da"]
[Black "Villalba, Marcelo"]
[Result "1-0"]
[WhiteElo "2142"]
[BlackElo "2262"]
[PlyCount "87"]
[EventDate "2015.09.17"]
[EventType "swiss"]
[EventRounds "6"]
[EventCountry "BRA"]
[SourceTitle "EXT 2016"]
[Source "ChessBase"]
[SourceDate "2015.10.08"]
[SourceVersion "1"]
[SourceVersionDate "2015.10.08"]
[SourceQuality "1"]

1. d4 d5 2. Nf3 c6 3. g3 e6 4. Bg2 Nf6 5. 0-0 Be7 6. b3 0-0 7. Bb2 b6 8. c4 Bb7 9. Nc3 Nbd7 10. Qc2 Rc8 11. e4 dxe4 12. Nxe4 c5 13. Nxf6+ Nxf6 14. Rad1 Qe8 15. Rfe1 cxd4 16. Rxd4 Rd8 17. Rxd8 Qxd8 18. Ng5 h6 19. Nxe6 fxe6 20. Bxb7 Bc5 21. Qe2 Qe7 22. Bf3 Ng4 23. Bxg4 Rxf2 24. Bxe6+ Kh8 25. Qxf2 Bxf2+ 26. Kxf2 Qc5+ 27. Kg2 Kh7 28. Re2 h5 29. Bd5 h4 30. gxh4 a5 31. Re5 Qb4 32. Rh5+ Kg6 33. Rg5+ Kh7 34. Rxg7+ Kh6 35. Rf7 Qd2+ 36. Rf2 Qd1 37. h3 a4 38. bxa4 b5 39. axb5 Qb1 40. Bf6 Kg6 41. Bg5 Qd3 42. b6 Kg7 43. b7 Qg6 44. Rf7+ 1-0

[Event "Sao Paulo op-A 3rd"]
[Site "Sao Paulo"]
[Date "2015.09.18"]
[Round "2"]
[White "Tsuboi, Edson Kenji"]
[Black "Silva, Lucas Henrique Da"]
[Result "1-0"]
[WhiteElo "2268"]
[BlackElo "2142"]
[PlyCount "171"]
[EventDate "2015.09.17"]
[EventType "swiss"]
[EventRounds "6"]
[EventCountry "BRA"]
[SourceTitle "EXT 2016"]
[Source "ChessBase"]
[SourceDate "2015.10.08"]
[SourceVersion "1"]
[SourceVersionDate "2015.10.08"]
[SourceQuality "1"]

1. e4 c5 2. Nf3 e6 3. d4 cxd4 4. Nxd4 Nf6 5. Nc3 Nc6 6. Ndb5 Bc5 7. Bf4 0-0 8. Bc7 Qe7 9. Bd6 Bxd6 10. Qxd6 a6 11. Qxe7 Nxe7 12. Nd6 b5 13. 0-0-0 Rd8 14. Be2 Ne8 15. Nxe8 Rxe8 16. f3 Rd8 17. Rd6 Bb7 18. Rhd1 Bc6 19. a3 Rdb8 20. b3 Ra7 21. Na2 a5 22. Kb2 Rc7 23. g3 Rbc8 24. R1d2 Rf8 25. Nc3 Rb7 26. f4 Ra8 27. Bf3 b4 28. axb4 axb4 29. Na2 f5 30. R6d4 fxe4 31. Bxe4 Bxe4 32. Rxe4 Nd5 33. Rdd4 Rab8 34. Re1 Kf7 35. Re5 Ne7 36. Rd6 Nf5 37. Ra6 Ne7 38. Re4 Nd5 39. Nc1 Rc7 40. Nd3 Rbc8 41. Rc4 Ke7 42. Rxc7 Rxc7 43. Ra4 Rb7 44. Nc5 Rb6 45. Ra7 Nf6 46. Nd3 Kd6 47. Ne5 Ke7 48. g4 Rd6 49. Rb7 Nd5 50. Nd3 Kf6 51. h4 g6 52. Nc5 Ke7 53. Nd3 Kf6 54. Ra7 Ke7 55. Ra8 Kf6 56. Rb8 Kf7 57. Rd8 h6 58. g5 hxg5 59. fxg5 Ke7 60. Rb8 Ne3 61. Rxb4 Rd5 62. Nf4 Rd2 63. Nxg6+ Kd6 64. Re4 Rxc2+ 65. Kb1 Re2 66. Nf4 Re1+ 67. Ka2 e5 68. Rxe5 Kxe5 69. Nd3+ Kf5 70. Nxe1 Kg4 71. g6 Nf5 72. Ng2 Kg3 73. Ne3 Ng7 74. h5 Nxh5 75. Nf5+ Kf4 76. g7 Nf6 77. Ne7 Ke3 78. g8Q Nxg8 79. Nxg8 d5 80. Ne7 d4 81. Nf5+ Ke4 82. Nxd4 Kxd4 83. Ka3 Kc5 84. Ka4 Kb6 85. Kb4 Ka6 86. Kc5 1-0

[Event "Sao Bento do Sul op 5th"]
[Site "Sao Bento do Sul"]
[Date "2015.09.04"]
[Round "2"]
[White "Silva, Lucas Henrique Da"]
[Black "De Oliveira, Guilherme Alfredo B"]
[Result "1-0"]
[WhiteElo "2142"]
[BlackElo "1607"]
[PlyCount "89"]
[EventDate "2015.09.04"]
[EventType "swiss"]
[EventRounds "6"]
[EventCountry "BRA"]
[SourceTitle "EXT 2016"]
[Source "ChessBase"]
[SourceDate "2015.10.08"]
[SourceVersion "1"]
[SourceVersionDate "2015.10.08"]
[SourceQuality "1"]

1. c4 Nf6 2. Nf3 e6 3. g3 d5 4. Bg2 Bd6 5. 0-0 0-0 6. b3 c6 7. Bb2 Nbd7 8. d3 Qc7 9. Nc3 Ne5 10. Nd2 Qe7 11. d4 Ng6 12. a3 a6 13. e4 dxe4 14. Ncxe4 Nxe4 15. Nxe4 Rd8 16. Qc2 c5 17. dxc5 Bxc5 18. Nxc5 Qxc5 19. b4 Qc7 20. h4 Bd7 21. h5 Ne7 22. h6 f6 23. hxg7 Kxg7 24. Rfe1 Rac8 25. Rac1 e5 26. f4 Ng6 27. fxe5 fxe5 28. Qe2 Re8 29. Be4 Ne7 30. Qh5 Ng6 31. Bxg6 Qb6+ 32. c5 Qxg6 33. Qh4 Qf6 34. Qh5 Qf5 35. Qh4 Rc6 36. Rxe5 Rxe5 37. Qe7+ Kg6 38. Bxe5 Re6 39. Qg7+ Kh5 40. Qxd7 Rxe5 41. Qxb7 Re3 42. Qh1+ Kg6 43. Qc6+ Kg5 44. Qd6 Re2 45. Qf4+ 1-0

[Event "Curitiba Sul Regional-ch"]
[Site "Curitiba"]
[Date "2015.07.11"]
[Round "4"]
[White "Medeiros, Thauane Ferreira"]
[Black "Silva, Lucas Henrique Da"]
[Result "0-1"]
[WhiteElo "1895"]
[BlackElo "2092"]
[PlyCount "94"]
[EventDate "2015.07.10"]
[EventType "swiss"]
[EventRounds "6"]
[EventCountry "BRA"]
[SourceTitle "EXT 2016"]
[Source "ChessBase"]
[SourceDate "2015.10.08"]
[SourceVersion "1"]
[SourceVersionDate "2015.10.08"]
[SourceQuality "1"]

1. d4 e6 2. c4 Bb4+ 3. Nd2 Nf6 4. Ngf3 0-0 5. e3 b6 6. Bd3 Bb7 7. 0-0 d5 8. Qc2 dxc4 9. Nxc4 Nbd7 10. Rd1 Be7 11. Nce5 g6 12. Nc6 Bxc6 13. Qxc6 a5 14. e4 Ra7 15. Bh6 Re8 16. Bb5 Nb8 17. Qc2 c6 18. Bxc6 Rc7 19. Ne5 Qd6 20. Bf4 Nh5 21. Nc4 Qxc6 22. Bxc7 Qxc7 23. Rac1 Qb7 24. Qa4 Rd8 25. Qc2 Nc6 26. Nxb6 Nxd4 27. Rxd4 Rxd4 28. Qc8+ Qxc8 29. Nxc8 Bg5 30. Re1 Rd2 31. Nb6 Rxb2 32. Nc4 Rxa2 33. g3 Be7 34. Ne5 Bc5 35. Nd3 Bd4 36. Rd1 e5 37. Kg2 Nf6 38. Kf3 a4 39. g4 h5 40. h3 a3 41. g5 Nh7 42. h4 f6 43. Rc1 fxg5 44. Rc8+ Kg7 45. Rc7+ Kh8 46. Kg3 gxh4+ 47. Kxh4 Rd2 0-1

[Event "Foz do Iguacu op 5th"]
[Site "Foz do Iguacu"]
[Date "2015.06.07"]
[Round "5"]
[White "Caetano, Hugo Zanotti Mendon"]
[Black "Silva, Lucas Henrique Da"]
[Result "1/2-1/2"]
[WhiteElo "2204"]
[BlackElo "2092"]
[PlyCount "29"]
[EventDate "2015.06.05"]
[EventType "swiss"]
[EventRounds "6"]
[EventCountry "BRA"]
[SourceTitle "CBM 166 Extra"]
[Source "ChessBase"]
[SourceDate "2015.06.18"]
[SourceVersion "1"]
[SourceVersionDate "2015.06.18"]
[SourceQuality "1"]

1. d4 e6 2. c4 Bb4+ 3. Bd2 Qe7 4. Nc3 Nf6 5. Qc2 d5 6. e3 0-0 7. Nf3 b6 8. cxd5 exd5 9. Bd3 c6 10. 0-0 Ba6 11. Bxa6 Nxa6 12. Qa4 Qb7 13. Rac1 Bd6 14. Rfe1 Rfe8 15. Qc2 1/2-1/2

[Event "BRA-ch Amateur"]
[Site "Sao Paulo"]
[Date "2015.04.01"]
[Round "3"]
[White "Rodrigo da Silva, Edson"]
[Black "Silva, Lucas Henrique Da"]
[Result "1-0"]
[WhiteElo "1963"]
[BlackElo "2100"]
[PlyCount "109"]
[EventDate "2015.04.30"]
[EventType "swiss"]
[EventRounds "7"]
[EventCountry "BRA"]
[SourceTitle "EXT 2022"]
[Source "ChessBase"]
[SourceDate "2021.10.06"]
[SourceVersion "1"]
[SourceVersionDate "2021.10.06"]
[SourceQuality "1"]

1. d4 Nf6 2. c4 e6 3. Nf3 Bb4+ 4. Bd2 Qe7 5. Nc3 0-0 6. e3 b6 7. Bd3 Bb7 8. 0-0 Bxc3 9. Bxc3 Ne4 10. Rc1 d6 11. Nd2 Nxc3 12. Rxc3 f5 13. f4 Nd7 14. Qc2 c5 15. Nf3 Nf6 16. Qe2 Ne4 17. Rcc1 Rf6 18. Nd2 Nxd2 19. Qxd2 Rh6 20. Qf2 Rg6 21. g3 h5 22. Be2 h4 23. Bf3 Rf8 24. b3 Rff6 25. Bxb7 Qxb7 26. Qf3 Qe7 27. Kf2 Rg4 28. Rg1 Rfg6 29. Rcd1 Kh7 30. dxc5 bxc5 31. e4 fxe4 32. Qxe4 e5 33. Qf5 Kh6 34. Rd5 Kh7 35. Rdd1 a5 36. Kf3 a4 37. Rde1 axb3 38. axb3 Qb7+ 39. Qe4 Qxb3+ 40. Re3 Qa2 41. Re2 Qa4 42. Rd2 exf4 43. Rxd6 Qb3+ 44. Rd3 Qb2 45. Rd5 Qc3+ 46. Ke2 f3+ 47. Qxf3 Qxc4+ 48. Qd3 Qa2+ 49. Ke3 Kh6 50. Rd8 Qe6+ 51. Kf2 Rf6+ 52. Kg2 h3+ 53. Kh1 Qc6+ 54. Qd5 Qxd5+ 55. Rxd5 1-0

[Event "Parana-ch"]
[Site "Curitiba"]
[Date "2015.01.30"]
[Round "5"]
[White "Barbosa, Jefferson Lucas Mun"]
[Black "Silva, Lucas Henrique Da"]
[Result "1-0"]
[WhiteElo "1943"]
[BlackElo "2096"]
[PlyCount "63"]
[EventDate "2015.01.28"]
[EventType "swiss"]
[EventRounds "8"]
[EventCountry "BRA"]
[SourceTitle "CBM 164 Extra"]
[Source "ChessBase"]
[SourceDate "2015.03.02"]
[SourceVersion "1"]
[SourceVersionDate "2015.03.02"]
[SourceQuality "1"]

1. e4 c5 2. Nf3 e6 3. d4 cxd4 4. Nxd4 a6 5. Nc3 Qc7 6. Bd3 Nf6 7. 0-0 Be7 8. Qe2 d6 9. f4 Nbd7 10. f5 Ne5 11. fxe6 fxe6 12. Kh1 0-0 13. Bg5 Bd7 14. Nf3 Nxd3 15. cxd3 Rae8 16. Rac1 Qb8 17. e5 dxe5 18. Nxe5 Bc8 19. Rf3 Bd6 20. d4 b5 21. Rh3 Qb7 22. Re1 b4 23. Bxf6 gxf6 24. Ne4 Bb8 25. Ng4 Qe7 26. Rh6 Kh8 27. Ngxf6 Rf7 28. Nxe8 Qxe8 29. Ng5 Re7 30. Qe4 Qg8 31. Nxe6 Qf7 32. Ng5 1-0

[Event "Parana-ch"]
[Site "Curitiba"]
[Date "2015.01.28"]
[Round "1"]
[White "Taha, Najla Mohamad"]
[Black "Silva, Lucas Henrique Da"]
[Result "0-1"]
[WhiteElo "1876"]
[BlackElo "2096"]
[PlyCount "26"]
[EventDate "2015.01.28"]
[EventType "swiss"]
[EventRounds "8"]
[EventCountry "BRA"]
[SourceTitle "CBM 164 Extra"]
[Source "ChessBase"]
[SourceDate "2015.03.02"]
[SourceVersion "1"]
[SourceVersionDate "2015.03.02"]
[SourceQuality "1"]

1. e4 c5 2. Nc3 e6 3. Nf3 Nc6 4. d4 cxd4 5. Nxd4 Nf6 6. Bg5 Bb4 7. Nxc6 bxc6 8. a3 Ba5 9. e5 Bxc3+ 10. bxc3 Qa5 11. Qd4 Ne4 12. Qxe4 Qxc3+ 13. Ke2 Ba6+ 0-1

[Event "Florianopolis op"]
[Site "Florianopolis"]
[Date "2015.01.18"]
[Round "10"]
[White "Villalba, Marcelo"]
[Black "Silva, Lucas Henrique Da"]
[Result "1-0"]
[WhiteElo "2201"]
[BlackElo "2096"]
[PlyCount "141"]
[EventDate "2015.01.14"]
[EventType "swiss"]
[EventRounds "10"]
[EventCountry "BRA"]
[SourceTitle "CBM 164 Extra"]
[Source "ChessBase"]
[SourceDate "2015.03.02"]
[SourceVersion "1"]
[SourceVersionDate "2015.03.02"]
[SourceQuality "1"]

1. e4 c5 2. Nf3 Nc6 3. Nc3 e6 4. d4 cxd4 5. Nxd4 Nf6 6. Nxc6 bxc6 7. e5 Nd5 8. Ne4 Qc7 9. f4 Qa5+ 10. c3 Ba6 11. Bxa6 Qxa6 12. Qe2 Qxe2+ 13. Kxe2 f5 14. exf6 Nxf6 15. Nxf6+ gxf6 16. Be3 Rg8 17. g3 a5 18. Bd4 Be7 19. c4 d6 20. Bc3 Kd7 21. Kf3 e5 22. Rad1 Ke6 23. Rhe1 Rgf8 24. Kg2 c5 25. Rd5 Ra7 26. g4 Kf7 27. g5 exf4 28. gxf6 Bxf6 29. Bxf6 Kxf6 30. Rxd6+ Kg7 31. Kf3 Rb7 32. Re2 Rb4 33. Rc2 Rfb8 34. Rdd2 R4b6 35. Kxf4 Re8 36. Rd5 Rf6+ 37. Rf5 Rc6 38. Rg2+ Kh6 39. Rd2 Re1 40. Rdd5 Rb6 41. Rh5+ Kg6 42. Rdg5+ Kf7 43. Rxh7+ Kf8 44. Rxc5 Kg8 45. Rd7 Re8 46. Rb5 Rbe6 47. Rbd5 Re4+ 48. Kf5 Rxc4 49. Rd8 Rxd8 50. Rxd8+ Kf7 51. Rd7+ Ke8 52. Rd2 Ke7 53. Ke5 Rc5+ 54. Kd4 Rc6 55. h4 Rh6 56. Rh2 Rh5 57. Ke4 Ke6 58. Kf4 Kf6 59. Kg4 Kg6 60. Kf4 Kf6 61. Ke4 Ke6 62. b3 a4 63. b4 a3 64. Kd4 Kd6 65. Kc4 Kc6 66. Kb3 Rf5 67. Rh3 Kb5 68. h5 Rf4 69. Kxa3 Kc4 70. h6 Rf8 71. h7 1-0

[Event "Florianopolis op"]
[Site "Florianopolis"]
[Date "2015.01.17"]
[Round "7"]
[White "Maia, Jonathan Cesar"]
[Black "Silva, Lucas Henrique Da"]
[Result "0-1"]
[WhiteElo "1922"]
[BlackElo "2096"]
[PlyCount "64"]
[EventDate "2015.01.14"]
[EventType "swiss"]
[EventRounds "10"]
[EventCountry "BRA"]
[SourceTitle "CBM 164 Extra"]
[Source "ChessBase"]
[SourceDate "2015.03.02"]
[SourceVersion "1"]
[SourceVersionDate "2015.03.02"]
[SourceQuality "1"]

1. d4 e6 2. Nf3 c5 3. g3 Nc6 4. Bg2 Nf6 5. 0-0 Be7 6. c4 cxd4 7. Nxd4 0-0 8. Nc3 a6 9. b3 Qb6 10. Be3 Qa5 11. Nxc6 bxc6 12. Qc2 d5 13. Na4 Rb8 14. cxd5 cxd5 15. Bc5 Bxc5 16. Qxc5 Qd2 17. e3 Qe2 18. Rfc1 Qh5 19. Rc2 e5 20. Qa5 Rb5 21. Qd2 Rd8 22. Rac1 Rb8 23. Qa5 Bh3 24. Qxa6 d4 25. exd4 exd4 26. Rc5 Qh6 27. Qa7 d3 28. Rd1 Re8 29. f4 Bxg2 30. Kxg2 Re2+ 31. Kf3 Rbe8 32. Rxd3 Qg6 0-1

[Event "Florianopolis op"]
[Site "Florianopolis"]
[Date "2015.01.17"]
[Round "8"]
[White "Silva, Lucas Henrique Da"]
[Black "Paniagua Chnelik, Sebastian"]
[Result "1-0"]
[WhiteElo "2096"]
[BlackElo "2197"]
[PlyCount "83"]
[EventDate "2015.01.14"]
[EventType "swiss"]
[EventRounds "10"]
[EventCountry "BRA"]
[SourceTitle "CBM 164 Extra"]
[Source "ChessBase"]
[SourceDate "2015.03.02"]
[SourceVersion "1"]
[SourceVersionDate "2015.03.02"]
[SourceQuality "1"]

1. d4 d5 2. Nf3 Nf6 3. Bf4 c5 4. e3 Nc6 5. Be2 Bg4 6. 0-0 e6 7. c3 Be7 8. Nbd2 0-0 9. h3 Bh5 10. Ne5 Bxe2 11. Qxe2 Qb6 12. Rab1 Rac8 13. Rfd1 a6 14. Qf3 Qd8 15. dxc5 Bxc5 16. e4 Be7 17. exd5 Nxd5 18. Nb3 Qc7 19. Rxd5 exd5 20. Ng6 Qd7 21. Nxf8 Rxf8 22. Rd1 Rd8 23. Rd3 Bf6 24. Qd1 h6 25. Bg3 d4 26. Nxd4 Bxd4 27. cxd4 Nb4 28. Rd2 Qd5 29. a3 Nc6 30. Kh1 Re8 31. Rd3 Re4 32. Qb3 Qd7 33. d5 Ne7 34. f3 Re2 35. Bf4 Re1+ 36. Kh2 Nf5 37. Qc3 Re2 38. d6 Nh4 39. Rd2 Re1 40. Rc2 Re8 41. Qc7 Qf5 42. d7 1-0

[Event "Curitiba Terzian Memorial op"]
[Site "Curitiba"]
[Date "2014.11.02"]
[Round "5"]
[White "Silva, Lucas Henrique Da"]
[Black "Disconzi da Silva, Rodrigo"]
[Result "1-0"]
[WhiteElo "2074"]
[BlackElo "2360"]
[PlyCount "179"]
[EventDate "2014.10.31"]
[EventType "swiss"]
[EventRounds "6"]
[EventCountry "BRA"]
[SourceTitle "EXT 2015"]
[Source "ChessBase"]
[SourceDate "2014.11.20"]
[SourceVersion "1"]
[SourceVersionDate "2014.11.20"]
[SourceQuality "1"]

1. d4 Nf6 2. Bg5 g6 3. Bxf6 exf6 4. c4 Bg7 5. e3 f5 6. Nc3 0-0 7. g3 d6 8. Bg2 c5 9. Nge2 Nc6 10. 0-0 Qb6 11. Nd5 Qd8 12. Rc1 Rb8 13. Qd3 b6 14. Rfd1 Bb7 15. a3 Re8 16. Rb1 Qc8 17. b4 Ba8 18. Ndc3 Rd8 19. Nd5 Kf8 20. Rd2 Re8 21. Ndc3 Rd8 22. Nd5 Re8 23. Ndc3 Kg8 24. Rdb2 Ne7 25. Nb5 Bxg2 26. Kxg2 Rd8 27. Kg1 Qa6 28. Rd2 cxd4 29. Nbxd4 d5 30. b5 dxc4 31. Qxc4 Qxa3 32. Ra2 Qc5 33. Qb3 Rb7 34. Rc1 Qd6 35. Ra4 h5 36. Qa2 Rdd7 37. Rc6 Qd5 38. Rac4 Rd8 39. Nf4 Qd7 40. Qb3 Kh7 41. Rc2 Ng8 42. Nf3 Qe7 43. h4 Nf6 44. Ng5+ Kh6 45. Rc7 Rd7 46. Rxb7 Rxb7 47. Rc6 Rd7 48. Kg2 Qe8 49. Qc4 Ng4 50. Rc8 Qe7 51. Nd5 Qd6 52. Nf4 Ne5 53. Qb3 Re7 54. Nd5 Rd7 55. Nf4 Bf6 56. Rc6 Qe7 57. Nd5 Rxd5 58. Qxd5 Nxc6 59. Nxf7+ Kg7 60. bxc6 Kf8 61. Nh6 Qc7 62. Qg8+ Ke7 63. Qf7+ Kd6 64. Qxf6+ Kc5 65. Qc3+ Kb5 66. Qb3+ Kxc6 67. Nf7 b5 68. Qe6+ Kc5 69. Ne5 Qb7+ 70. Kg1 b4 71. Qc4+ Kd6 72. Nd3 b3 73. Qd4+ Qd5 74. Qf6+ Kc7 75. Qc3+ Kb6 76. Qb4+ Qb5 77. Qd4+ Kb7 78. Nb2 a5 79. Qg7+ Kb8 80. Qf8+ Kc7 81. Qf7+ Kb8 82. Qxg6 a4 83. Qd6+ Kc8 84. Qa3 Qe2 85. Nxa4 Qd1+ 86. Kg2 Qd5+ 87. Kh2 Qf3 88. Qb2 f4 89. exf4 Kd8 90. Nc5 1-0